005560000a22002650004500650001200000650002200012650001100034650001100045650001600056650002000072650000900092650001000101536000800111082001500119518001300134530000600147100001700153245002100170250001300191020001800204260004100222260000900263300001000272041000800282 aPhysics aMolecular physics aEnergy aSounds aGravitation aNuclear physics aWave aLight aBAI a530bG354a a20030725 aM aGibbs, Keith aAdvanced physics a2nd edn. a0-521-56701-7 aCambridgebCambridge University, USA c1990 a493p. aEng